书目信息 |
| 题名: |
日本钢铁分析技术
|
|
| 作者: | 钢铁分析部 编 ;冶金部分析情报网 译 ;日本钢铁协会 , 共同研究会 编 | |
| 分册: | 第一册 | |
| 出版信息: | 北京 冶金部分析情报网 1984 |
|
| 页数: | 132页 | |
| 开本: | 19cm | |
| 丛书名: | ||
| 单 册: | ||
| 中图分类: | TF701.3 | |
| 科图分类: | ||
| 主题词: | 炼钢 | |
| 电子资源: | ||
| ISBN: | ||
| 000 | 00855nam0 2200229 450 | |
| 001 | 0656641594 | |
| 005 | 20060925164453.77 | |
| 010 | @dCNY4.00 | |
| 100 | @a20060721d1984 km y0chiy0120 ea | |
| 101 | 0 | @achi |
| 102 | @aCN@b110000 | |
| 200 | 1 | @a日本钢铁分析技术@h第一册@Ari ben gang tie fen xi ji shu@f日本钢铁协会,共同研究会,钢铁分析部编@Fri ben gang tie xie hui,gong tong yan jiu hui,gang tie fen xi bu bian@g冶金部分析情报网译@Gye jin bu fen xi qing bao wang yi |
| 210 | @a北京@c冶金部分析情报网@d1984 | |
| 215 | @a132页@d19cm | |
| 606 | 0 | @a炼钢 |
| 690 | @aTF701.3@v3 | |
| 701 | 0 | @a钢铁分析部@Agang tie fen xi bu@4编 |
| 702 | 0 | @a冶金部分析情报网@Aye jin bu fen xi qing bao wang@4译 |
| 711 | 0 | @a日本钢铁协会@Ari ben gang tie xie hui@4编 |
| 711 | 0 | @a共同研究会@Agong tong yan jiu hui@4编 |
| 801 | 0 | @aCN@bPFT@c20060925 |
| 905 | @dTF701.3@e9:1 | |
| 日本钢铁分析技术.第一册/日本钢铁协会,共同研究会,钢铁分析部编/冶金部分析情报网译.-北京:冶金部分析情报网,1984 |
| 132页;19cm |
| ISBN :CNY4.00 |
| ● |
| 相关链接 |
|
|
|
|
正题名:日本钢铁分析技术
索取号:TF701.3/9:1
 
预约/预借
| 序号 | 登录号 | 条形码 | 馆藏地/架位号 | 状态 | 备注 |
| 1 | 0422852 | 204228521 | 密集书库/ [索取号:TF701.3/9:1] | 在馆 | |
| 2 | 0434309 | 204343095 | 密集书库/ [索取号:TF701.3/9:1] | 在馆 |